[Event "IRI-ch U16"]
[Site "Chess.com INT"]
[Date "2021.01.16"]
[Round "8"]
[White "Amoozad Mahdiraji, Ali"]
[Black "Khorasani, Amir Reza"]
[Result "0-1"]
[WhiteElo "1130"]
[BlackElo "1358"]
[PlyCount "108"]
[EventDate "2021.01.16"]
[EventType "swiss"]
[EventRounds "11"]
[EventCountry "IRI"]
[SourceTitle "EXT 2022"]
[Source "ChessBase"]
[SourceDate "2021.10.06"]
[SourceVersion "1"]
[SourceVersionDate "2021.10.06"]
[SourceQuality "1"]

1. d4 Nf6 2. Nf3 e6 3. Bf4 b6 4. e3 Bb7 5. Nbd2 g6 6. h3 Bg7 7. Be2 0-0 8. Bh2 d6 9. c3 Nbd7 10. 0-0 Re8 11. Re1 e5 12. dxe5 Nxe5 13. Nxe5 dxe5 14. Nc4 Nd5 15. Qc2 Qg5 16. Bf3 Nb4 17. Qe2 e4 18. Bg4 Nd3 19. Red1 f5 20. h4 Qxg4 21. Qxg4 fxg4 22. Na3 Be5 23. Bxe5 Nxe5 24. Nb5 Re7 25. Rd4 Nd3 26. Rd1 a6 27. Na3 Bc6 28. Nc4 Rf8 29. Rd2 Ref7 30. b3 Bb5 31. a4 Bxc4 32. bxc4 Nxf2 33. Rb2 g3 34. Rb1 Re8 35. Rd5 h6 36. c5 bxc5 37. Rxc5 Nd3 38. Rc6 Kg7 39. Rxa6 Rf2 40. a5 Ref8 41. Ra7 R8f7 42. a6 Ra2 43. Ra8 Rff2 44. a7 Rxg2+ 45. Kh1 Rh2+ 46. Kg1 Rag2+ 47. Kf1 Rf2+ 48. Kg1 Rhg2+ 49. Kh1 Ra2 50. c4 Rgc2 51. Kg1 Ne5 52. Rg8+ Kxg8 53. Rb8+ Kf7 54. a8Q Rc1# 0-1